000 01101cam a2200313 a 4500
001 000015575
005 20240424183142.0
008 820526s1965 mx 000 0 spa
040 _aDO-SdBNP
_bspa
_cBNPHU
082 _a599.935
_bL761e, 1965
100 1 _aLinton, Ralph,
_d1893-1953.
_935144
240 1 0 _aStudy of man.
_lEspañol
245 1 0 _aEstudio del hombre /
_cRalph Linton; versión española de Daniel F. Rubín de la Borbolla.
250 _a8a ed.
260 _aMéxico :
_bFondo de cultura económica,
_c1965.
300 _a483 p. ;
_c22 cm.
490 1 _aSección de obras de sociología
500 _aIncluye índice analítico (p. 479-483)
500 _aIncluye notas al pie de las páginas.
504 _aIncluye referencias bibliográficas (p.473-478)
650 4 _aGenética humana
_935145
650 0 _aEcología
_935146
650 4 _aAtropología
_935147
650 4 _aHombre
_935148
700 1 _aRubin de la Borbolla, Daniel Fernando,
_etr.
_935149
830 0 _aSección de obras de sociología.
_935150
910 _aCatalogación por copia / LC
049 _aBNGR
999 _c15131
_d15131